000 00702cam a2200229 a 4500
001 000008669
005 20200929161400.0
008 931227s1987 cu b 000 f spa d
040 _aDO-SdBNP
_bspa
_cLC
_dBNPHU
082 _aM863.44
_bF954m
100 1 _aFuentes, Carlos,
_d1928-
_99774
245 1 3 _aLa muerte de Artemio Cruz /
_cCarlos Fuentes.
260 _aLa Habana :
_bCasa de las Américas,
_c1987.
300 _axviii, 326 p. ;
_c19 cm.
490 1 _aLiteratura latinoamericana
_v119
650 4 _aNovela mexicana
_93959
650 4 _aLiteratura mexicana
_91922
830 0 _aLiteratura latinoamericana;
_v119
_9500
910 _aCatalogación por copia / LC
910 _aWM
049 _aBNGR
999 _c8439
_d8439